Гагарин (Запис номер 389037)
[ съкратено ]
| 000 -Лидер | |
|---|---|
| Контролно поле с фиксирана дължина | nkm a22 a 4500 |
| 003 - Код на организацията, давaща контролен номер | |
| Контролно поле | BLK |
| 005 - Дата и час на последна редакция | |
| Контролно поле | 20201007041007.0 |
| 008 - Елементи от данни с фиксирана дължина | |
| fixed length control field | 200925b bu ||||| |||| 00| k|bu d |
| 040 ## - Източник на каталожния запис | |
| Идентификатор на билиотеката - собственик на записа | BLK |
| 041 ## - Код за език | |
| Код за езика на текст/звукозапис или на отделно заглавие | Руски |
| Код за езика КДБФ | Руски |
| 080 ## - УДК | |
| Текстов определител УДК | Космическа техника. Космонавтика |
| УДК код - определител по УДК | 629.78 |
| УДК - код + определител | 629.78(092) |
| 080 ## - УДК | |
| Текстов определител УДК | Съветски космонавт |
| УДК код - определител по УДК | 929 Гагарин, Юрий Алексеевич |
| УДК - код + определител | 929 Гагарин, Юрий Алексеевич |
| 100 ## - Редна дума - Автор | |
| Автор | Грачев, Алексей Владимирович |
| Авторска отговорност | първи автор |
| R(LIN) | 1299 |
| 139 ## - Редно поле | |
| Редна дума | Грачев, Алексей Владимирович |
| 245 ## - Сведения за заглавието | |
| Заглавие | Гагарин |
| Подзаглавни данни | Литературно-фотографическая композиция : Фотоальбом |
| Редно поле (дума) | Авт. лит.-фотогр. композиции Алексей Грачев. |
| 250 ## - Област на изданието | |
| Сведения за изданието | 2. изд. |
| 257 ## - Страна на издаване | |
| Страна на създаване/издаване | СССР |
| 260 ## - Област на издателските данни | |
| 9 (RLIN) | 434166 |
| Място на издаване, разпространение и проч. | Москва |
| Име на издателя, разпространителя и проч. | Планета |
| Година на издаване | 1977 |
| 300 ## - Физическа характеристика | |
| Страници | 44 с. |
| Илюстрации и др. | с фотогр. |
| Размери/Мащаб | 21 см |
| 380 ## - Жанр | |
| Жанр | Техника |
| 600 #0 - Име на лице, използвано като предмет | |
| 9 (RLIN) | 321567 |
| За него / За нея | Гагарин, Юрий Алексеевич |
| 650 #0 - Допълнително описание по предмет – тема | |
| 9 (RLIN) | 289617 |
| Основно описание – тема или топоним | Космонавти, съветски |
| 653 #0 - Ключова дума – ненормативна | |
| 9 (RLIN) | 401783 |
| Ключова дума | снимкови албуми |
| 852 ## - Местоположение | |
| Форматна сигнатура | Цб 301243 |
| Фондова буква | Основен фонд - ползва се само за читалня |
| 999 ## - СИСТЕМНИ КОНТРОЛНИ НОМЕРА | |
| Koha biblionumber | 389037 |
| Koha biblioitemnumber | 389037 |
| 942 ## - АРТИКУЛИ | |
| Вид на библиотечния материал | Графични издания |
| Скрит в OPAC | Не |
| Периодичен библиозапис | Да |
| 944 ## - СЪЗДАВАНЕ И РЕДАКЦИЯ на ЗАПИСА | |
| Създаване/Редакция | Създаване |
| Дата на регистрацията/редакция | 2020-09-28 |
| Служител, извършил регистрацията/редакцията | Кети |
| Код за отписване | Код за изгубен артикул | Източник на класификационната схема | Код за повреда | Коз за рестрикции | Код за отдаване | Артикулен № | Име на библиотеката - собственик | Име на библиотеката, в която се намира в момента | Статус (Текущо местоположение) | Дата на вписване в системата | Местоположение - отдел | Цена в лева | Инвентарен номер | Систематично азбучна сигнатура | Баркод | Цена в евро | Служебен тип на артикула |
|---|---|---|---|---|---|---|---|---|---|---|---|---|---|---|---|---|---|
| Не е изгубен | Universal Decimal Classification | Не е повреден | само за читалня | ползва се в читалня | 801789 | Регионална библиотека "Любен Каравелов" Русе | Регионална библиотека "Любен Каравелов" Русе | Хранилище | 2020-09-30 | Основен фонд - ползва се само за читалня | 1.39 | 247090 | Цб 301243 | 120000247090 | 0.71 | Графични издания |